LDR 00856naa#a2200169#i#450# 001 RU\\bibl\126271 005 20260702003101.4 011 ## _a1994-5655 100 ## _a20260626b2026####ek#y0rusy0150####ca 102 ## _aRU 200 1# _aГородская реформа Александра II в освещении дореволюционной отечественной историографии _eЖурнальная статья 210 1# _aСыктывкар _cФГБУ ФИЦ «Коми научный центр Уральского отделения Российской академии наук» _d2026 215 ## _a7 с. 608 ## _aЖурнальная статья _2local 675 ## _aИсторическая наука. Вспомогательные исторические науки. 930 _z 700 #1 _aРасов _gВ. А. 856 4# _akomisc.editorum.ru _u